NRESTdb: Access to the transcriptome of natural rubber latex (Record no. 64208)

MARC details
000 -LEADER
fixed length control field 00685nam a2200265Ia 4500
100 ## - MAIN ENTRY--AUTHOR NAME
Personal name Mat-Isa Mohd-Noor
245 #0 - TITLE STATEMENT
Title NRESTdb: Access to the transcriptome of natural rubber latex
260 ## - PUBLICATION, DISTRIBUTION, ETC. (IMPRINT)
Name of publisher Journal of Rubber Research
Year of publication 2009
300 ## - PHYSICAL DESCRIPTION
Number of Pages 229-238
650 ## - SUBJECT ADDED ENTRY--TOPICAL TERM
Topical Term Bioinformatics
650 ## - SUBJECT ADDED ENTRY--TOPICAL TERM
Topical Term EST
650 ## - SUBJECT ADDED ENTRY--TOPICAL TERM
Topical Term Genomics
650 ## - SUBJECT ADDED ENTRY--TOPICAL TERM
Topical Term Hevea brasiliensis
650 ## - SUBJECT ADDED ENTRY--TOPICAL TERM
Topical Term Transcriptome
700 ## - ADDED ENTRY--PERSONAL NAME
Personal name Chow Keng-See
700 ## - ADDED ENTRY--PERSONAL NAME
Personal name Hoh Chee-Schong
700 ## - ADDED ENTRY--PERSONAL NAME
Personal name Mohammad A.F.H.
700 ## - ADDED ENTRY--PERSONAL NAME
Personal name Mohd-Amin M.R.
700 ## - ADDED ENTRY--PERSONAL NAME
Personal name Sahahrum M.
700 ## - ADDED ENTRY--PERSONAL NAME
Personal name Wan K.L.
700 ## - ADDED ENTRY--PERSONAL NAME
Personal name Yeang H.Y.
700 ## - ADDED ENTRY--PERSONAL NAME
Personal name Zainal K.A.
942 ## - ADDED ENTRY ELEMENTS (KOHA)
Koha item type Journals
Holdings
Withdrawn status Lost status Damaged status Not for loan Home library Current library Shelving location Date acquired Serial Enumeration / chronology Koha item type
      Journals RRII Library RRII Library Genome 08/02/2010 Volume 12, Issue 4 Journals